|
|
|
|
| LEADER |
00000cam a2200000 a 4500 |
| 001 |
vtls008374728 |
| 003 |
SK-MaSNL |
| 005 |
20260301164949.0 |
| 008 |
240313s1935 xo 000 0 slo |
| 015 |
|
|
|a SNBA1935
|
| 035 |
|
|
|a SK01SNKBSKHR20020066945
|
| 035 |
|
|
|a SKM000069408
|
| 040 |
|
|
|a SNK
|b slo
|c SNK
|e AACR2
|
| 041 |
1 |
|
|a slo
|
| 044 |
|
|
|a xo
|c SK
|
| 100 |
1 |
|
|a Hrušovský, Igor,
|d 1907-1978
|4 aut
|9 38412
|
| 245 |
1 |
0 |
|a Invencia a vývoj
|c Igor Hrušovský
|
| 260 |
|
|
|a Bratislava
|b Jozef Otto
|c 1935
|
| 300 |
|
|
|a 60, [3] s.
|c 8°
|
| 504 |
|
|
|a Bibliogr.
|
| 650 |
0 |
7 |
|a invencia
|2 SNK
|9 533091
|
| 650 |
0 |
7 |
|a vývoj
|2 SNK
|9 276727
|
| 655 |
|
7 |
|a monografie
|2 SNKPH
|9 70139
|
| 852 |
|
|
|a Slovenská národná knižnica v Martine
|b 10000
|h MS SD 4004
|
| 852 |
|
|
|a Univerzitná knižnica v Bratislave
|b 300000
|h SE 1970
|
| 958 |
|
|
|a NB
|
| 999 |
|
|
|c 822467
|d 824397
|
| 952 |
|
|
|a SNK
|b SNK
|y VYP
|7 0
|p 17A0532292
|o snkSD 4004 D1
|i snkK 992/67
|3 rekatalogizácia
|0 0
|1 0
|4 0
|d 2007-02-22
|l 0
|r 2026-02-24 03:11:11
|w 2026-02-24
|
| 952 |
|
|
|a SNK
|b SNK
|y PREZ
|7 0
|p 17A0677131
|o snkSD 4004
|i snk2819/36
|0 0
|1 0
|4 0
|d 2010-12-10
|l 0
|r 2025-11-07 00:00:00
|w 2026-02-24
|